000 00335pab a2200145 454500
008 180718b1998 xxu||||| |||| 00| 0 eng d
100 _aArora, R.C.
245 _a13th symposium on international terrorism
260 _c1998
300 _ap.24-27
362 _aNov
650 _aTerrorism
773 _aCBI Bulletin
909 _a40337
999 _c40337
_d40337